Vplyv pandémie nového koronavírusu na vybrané ukazovatele demografie podnikov na Slovensku

Článok sa zaoberá porovnaním vybraných ukazovateľov demografie podnikov v rokoch 2019 a 2020. Z dostupných databáz sme zistili hodnoty vybraných premenných za aktívne podniky, z ktorých sme zostavili relatívne ukazovatele - tržby na zamestnanca a počet zamestnancov na podnik. Porovnania sa týkali ni...

Descrizione completa

Salvato in:
Dettagli Bibliografici
Autore principale: Kotlebová, Eva
Natura: Capitolo di libro
Lingua:slovacco
Soggetti:
Tags: Aggiungi Tag
Nessun Tag, puoi essere il primo ad aggiungerne!!

MARC

LEADER 00000naa$a2200000$$$4500
001 0297523
005 20240417075256.6
041 0 |a slo 
044 |a SK 
245 1 0 |a Vplyv pandémie nového koronavírusu na vybrané ukazovatele demografie podnikov na Slovensku  |c Eva Kotlebová 
520 |a Článok sa zaoberá porovnaním vybraných ukazovateľov demografie podnikov v rokoch 2019 a 2020. Z dostupných databáz sme zistili hodnoty vybraných premenných za aktívne podniky, z ktorých sme zostavili relatívne ukazovatele - tržby na zamestnanca a počet zamestnancov na podnik. Porovnania sa týkali nielen všetkých podnikov, ale samostatne sme analyzovali rodiace sa a zanikajúce podniky v uvedených rokoch. Pozornosť sme zamerali na vybrané sektory, v ktorých sme v roku 2020 očakávali výrazný vplyv protipandemických opatrení. 
610 2 0 |a pandémia 
610 2 0 |a podnik 
610 2 0 |a demokracia podniková 
610 2 0 |a zamestnávatelia 
100 1 |a Kotlebová, Eva